Choking on toxic smoke: (Record no. 115050)

MARC details
000 -LEADER
fixed length control field 00431nam a22001337a 4500
005 - DATE AND TIME OF LATEST TRANSACTION
control field 20250901094319.0
008 - FIXED-LENGTH DATA ELEMENTS--GENERAL INFORMATION
fixed length control field 250901b |||||||| |||| 00| 0 eng d
100 ## - MAIN ENTRY--PERSONAL NAME
Personal name M. Suchitra
245 ## - TITLE STATEMENT
Title Choking on toxic smoke:
Remainder of title the Brahmapuram garbage disaster in Kochi and municipal solid waste management in Kerala
260 ## - PUBLICATION, DISTRIBUTION, ETC. (IMPRINT)
Place of publication, distribution, etc Bangalore
Name of publisher, distributor, etc Asar Social Impact Advisors
Date of publication, distribution, etc 2024
300 ## - PHYSICAL DESCRIPTION
Extent 136p.
700 ## - ADDED ENTRY--PERSONAL NAME
Personal name C. Surendranath
942 ## - ADDED ENTRY ELEMENTS (KOHA)
item type Under processing
Holdings
Lost status Source of classification or shelving scheme Not for loan Home library Current library Date acquired Total Checkouts Barcode Date last seen Price effective from Koha item type
  Universal Decimal Classification Not For Loan University Library University Library 30/08/2025   G0011546 01/09/2025 01/09/2025 Under processing
University Library, CUSAT